000 00426nam a2200181Ia 4500
005 20250423094747.0
008 250422s9999 xx 000 0 und d
020 _a978-1-84679-966-2
050 _aPE 1128 .E93/
100 _aEvans, Virginia
245 0 _aClick on 2 : student's book
260 _aBerkshire
260 _bExpress Publishing
260 _c2008
300 _a163 p
650 _aEnglish
942 _cBK
999 _c28213
_d28213